Los lacandones, su pasado y su presente (Record no. 10233)
[ view plain ]
| 000 -CABECERA | |
|---|---|
| campo de control de longitud fija | 00792nam a2200241 a 4500 |
| 001 - NÚMERO DE CONTROL | |
| campo de control | BRL_1423 |
| 005 - FECHA Y HORA DE LA ÚLTIMA TRANSACCIÓN | |
| campo de control | 20190320211210.0 |
| 008 - DATOS DE LONGITUD FIJA--INFORMACIÓN GENERAL | |
| campo de control de longitud fija | 140114s1944----mx-a#####b---#000-0#spa-# |
| 041 ## - CÓDIGO DE LENGUA | |
| Código de lengua del texto/banda sonora o título independiente | spa |
| 044 ## - CÓDIGO DEL PAÍS DE LA ENTIDAD EDITORA/PRODUCTORA | |
| Código MARC del país | mx |
| 050 #4 - SIGNATURA TOPOGRÁFICA DE LA BIBLIOTECA DEL CONGRESO | |
| Número de clasificación | F1221.L2 |
| Número de documento/Ítem | .B59 1944 |
| 100 1# - ENTRADA PRINCIPAL--NOMBRE DE PERSONA | |
| Nombre de persona | Blom, Gertrude Duby |
| Fechas asociadas al nombre | 1901-1993 |
| 9 (RLIN) | 26563 |
| 245 10 - MENCIÓN DE TÍTULO | |
| Título | Los lacandones, su pasado y su presente |
| Mención de responsabilidad, etc. | por Gertrude Duby. |
| 260 ## - PUBLICACIÓN, DISTRIBUCIÓN, ETC. | |
| Lugar de publicación, distribución, etc. | México |
| Nombre del editor, distribuidor, etc. | Secretaría de Educación Pública |
| Fecha de publicación, distribución, etc. | 1944 |
| 300 ## - DESCRIPCIÓN FÍSICA | |
| Extensión | 94 p. |
| Otras características físicas | il. |
| Dimensiones | 20 cm. |
| 440 #0 - MENCIÓN DE SERIE/PUNTO DE ACCESO ADICIONAL--TÍTULO | |
| Título | Biblioteca enciclopedica popular |
| Designación de volumen o secuencia | 30 |
| 9 (RLIN) | 26864 |
| 500 ## - NOTA GENERAL | |
| Nota general | ej. Au1690, ej.2 Au1691, ej.3 Au1692 |
| 500 ## - NOTA GENERAL | |
| Nota general | Estado físico: Ej.3 tiene desprendida la pasta del lomo. |
| 500 ## - NOTA GENERAL | |
| Nota general | La biblioteca cuenta con 3 ejemplares |
| 650 14 - PUNTO DE ACCESO ADICIONAL DE MATERIA--TÉRMINO DE MATERIA | |
| Término de materia o nombre geográfico como elemento de entrada | Lacandones |
| Subdivisión general | Historia |
| 9 (RLIN) | 23167 |
| 902 ## - CATALOGADOR | |
| Iniciales | GRL |
| 942 ## - ELEMENTOS DE PUNTO DE ACCESO ADICIONAL (KOHA) | |
| Fuente del sistema de clasificación o colocación | Library of Congress Classification |
| Tipo de ítem Koha | Libros |
| Estado de retiro | Estado de pérdida | Estado dañado | No para préstamo | Localización permanente | Ubicación/localización actual | Fecha de adquisición | Total de préstamos | Signatura topográfica completa | Código de barras | Fecha visto por última vez | Precio válido a partir de | Tipo de ítem Koha |
|---|---|---|---|---|---|---|---|---|---|---|---|---|
| El ejemplar forma parte de la colección y puede ser consultado según las políticas vigentes. | Biblioteca Centro de Estudios Ruth D. Lechuga | Biblioteca Centro de Estudios Ruth D. Lechuga | 14/01/2014 | F1221.L2 .B59 1944 | GRL01581 | 22/03/2019 | 22/03/2019 | Libros | ||||
| El ejemplar forma parte de la colección y puede ser consultado según las políticas vigentes. | Biblioteca Centro de Estudios Ruth D. Lechuga | Biblioteca Centro de Estudios Ruth D. Lechuga | 08/12/2015 | F1221.L2 .B59 1944 | GRL01582 | 22/03/2019 | 22/03/2019 | Libros | ||||
| El ejemplar forma parte de la colección y puede ser consultado según las políticas vigentes. | Biblioteca Centro de Estudios Ruth D. Lechuga | Biblioteca Centro de Estudios Ruth D. Lechuga | 08/12/2015 | F1221.L2 .B59 1944 | GRL01583 | 22/03/2019 | 22/03/2019 | Libros |